| 000 | 00601nam a2200205 4500 | ||
|---|---|---|---|
| 003 | OSt | ||
| 005 | 20240716031701.0 | ||
| 006 | a | ||
| 008 | 240716b |||||||| |||| 00| 0 eng d | ||
| 020 | _a9789710388790 | ||
| 040 |
_aDWCL-Main lib. _cOC |
||
| 082 | _aFil. 808.8 M251c 2009 | ||
| 100 | _aMalicdem, Virginia F. | ||
| 245 | _aChips in world literature / | ||
| 260 |
_aMandaluyong City : _bBooks Atbp. Pub. Corp., _cc2009. |
||
| 300 |
_axvii, _b173 p. ; _c22 cm. |
||
| 504 | _aIncludes bibliographical references. | ||
| 650 | _a1. Literature-Collections. | ||
| 942 |
_2ddc _n0 _cBK-0 CIRC _kFil. |
||
| 999 |
_c2234 _d2234 |
||